ひらがな・カタカナのみで構成される市区町村(1995) - Statistics

General Stats
  • This quiz has been taken 39 times
  • The average score is 5 of 12
Answer Stats
Answer % Correct
ニセコ町
77%
マキノ町
67%
むつ市
63%
つくば市
43%
ひたちなか市
43%
いわき市
33%
えびの市
33%
えりも町
33%
すさみ町
27%
むつみ村
27%
びわ町
20%
かつらぎ町
13%
No matching quizzes found
Score Distribution
Percent of People with Each Score
Percentile by Number Answered
Your Score History
You have not taken this quiz